01866nam a2200217 a 450000100060000000300080000600500170001400800410003103500140007204000310008604100080011705100300012508200250015511101050018024502000028526000390048530000250052450510300054965000370157965000320161671939BD-RjUL20211209082205.0170509s1965 nyuabc b i100 0 eng c a(BD-RjUL) aDLC/ICUcCGUdBD-RjULbeng aeng aTK9006b.I5 1964cCopy 2.0 a621.48223bINP 19652 aInternational Conference on the Peaceful Uses of Atomic Energyn(3rd :d1964 :cGeneva, Switzerland)10aProceedings of the third International Conference on the Peaceful Uses of Atomic Energy :bheld in Geneva 8 August-20 Agust 1964 /cInternational Conference on the Peaceful Uses of Atomic Energy. aNew York :bUnited Nations,c1965. av. :bill. ;c29 cm.0 av. 1. The worlds requirements for energy : the role of nuclear energy -- v. 2. Physics; research reactors -- v. 3. Power Reactor -- v. 4. Cross section important to reactor design -- v. 5-6. Physics of reactor design : 1. Gas-cooled and water-cooled reactors. 2. Fast reactors and advanced concepts -- v. 7. Nuclear chemistry and effects of irradiation -- v. 8. Production technology of the materials used for nuclear energy -- v. 9. Reactor technology and chemical processing -- v. 10-12. Radioactive isotopes and nuclear radiations in medicine 1. Fabricaton and reprocessing. 2. Radioactive isotopes and ionizing radiations in agriculture, physiology, and biochemistry. 3. Raw materials -- v. 13. Legal, administration, health and safety aspects of large-scale use of nuclear energy -- v. 14. General aspects of the use of radioactive isotopes : dosimetry -- v. 15. Applications of radioactive isotopes and fission products in research and industry -- v. 16.Record of the conference -- v. 17. Index of the proceedings. 0aNuclear engineeringvCongresses. 0aNuclear energyvCongresses.